Studies in Pure Mathematics : (Record no. 1769)
[ view plain ]
| 000 -LEADER | |
|---|---|
| fixed length control field | 02888cam a22004575i 4500 |
| 001 - CONTROL NUMBER | |
| control field | data |
| 005 - DATE AND TIME OF LATEST TRANSACTION | |
| control field | 20260322212117.0 |
| 006 - FIXED-LENGTH DATA ELEMENTS--ADDITIONAL MATERIAL CHARACTERISTICS | |
| fixed length control field | data |
| 007 - PHYSICAL DESCRIPTION FIXED FIELD--GENERAL INFORMATION | |
| fixed length control field | data |
| 008 - FIXED-LENGTH DATA ELEMENTS--GENERAL INFORMATION | |
| fixed length control field | data |
| 035 ## - SYSTEM CONTROL NUMBER | |
| System control number | 22024326 |
| 010 ## - LIBRARY OF CONGRESS CONTROL NUMBER | |
| LC control number | 2019772001 |
| 020 ## - INTERNATIONAL STANDARD BOOK NUMBER | |
| International Standard Book Number | 9783034854382 |
| 024 7# - OTHER STANDARD IDENTIFIER | |
| Standard number or code | 10.1007/978-3-0348-5438-2 |
| Source of number or code | doi |
| 035 ## - SYSTEM CONTROL NUMBER | |
| System control number | (DE-He213)978-3-0348-5438-2 |
| 040 ## - CATALOGING SOURCE | |
| Original cataloging agency | DLC |
| Language of cataloging | eng |
| Description conventions | rda |
| -- | rda |
| Transcribing agency | DLC |
| 072 #7 - SUBJECT CATEGORY CODE | |
| Subject category code | SCI000000 |
| Source | bisacsh |
| 072 #7 - SUBJECT CATEGORY CODE | |
| Subject category code | YQS |
| Source | bicssc |
| 082 04 - DEWEY DECIMAL CLASSIFICATION NUMBER | |
| Classification number | 500 |
| Edition information | 23 |
| 097 00 - | |
| -- | Q1-390 |
| 245 00 - TITLE STATEMENT | |
| Title | Studies in Pure Mathematics : |
| Remainder of title | To the Memory of Paul Turán / |
| Statement of responsibility, etc. | edited by Paul Erdős, László Alpár, Gábor Halász, András Sárközy. |
| 264 #1 - PRODUCTION, PUBLICATION, DISTRIBUTION, MANUFACTURE, AND COPYRIGHT NOTICE | |
| Place of production, publication, distribution, manufacture | Basel : |
| Name of producer, publisher, distributor, manufacturer | Imprint: Birkhäuser, |
| -- | Imprint: Birkhäuser, |
| Date of production, publication, distribution, manufacture, or copyright notice | 1983. |
| 300 ## - PHYSICAL DESCRIPTION | |
| Extent | 1 online resource (773 pages) |
| 336 ## - CONTENT TYPE | |
| Content type term | text |
| Content type code | txt |
| Source | rdacontent |
| 337 ## - MEDIA TYPE | |
| Media type term | computer |
| Media type code | c |
| Source | rdamedia |
| 338 ## - CARRIER TYPE | |
| Carrier type term | online resource |
| Carrier type code | cr |
| Source | rdacarrier |
| 347 ## - DIGITAL FILE CHARACTERISTICS | |
| File type | text file |
| Encoding format | |
| Source | rda |
| 520 ## - SUMMARY, ETC. | |
| Summary, etc. | This volume, written by his friends, collaborators and students, is offered to the memory of Paul Tunin. Most of the papers they contributed discuss subjects related to his own fields of research. The wide range of topics reflects the versatility of his mathematical activity. His work has inspired many mathematicians in analytic number theory, theory of functions of a complex variable, interpolation and approximation theory, numerical algebra, differential equations, statistical group theory and theory of graphs. Beyond the influence of his deep and important results he had the exceptional ability to communicate to others his enthusiasm for mathematics. One of the strengths of Turan was to ask unusual questions that became starting points of many further results, sometimes opening up new fields of research. We hope that this volume will illustrate this aspect of his work adequately. Born in Budapest, on August 28, 1910, Paul Turan obtained his Ph. D. under L. Fejer in 1935. His love for mathematies enabled him to work even under inhuman circumstances during the darkest years of the Second World War. One of his major achievements, his power sum method originated in this period. After the war he was visiting professor in Denmark and in Princeton. In 1949 he became professor at the Eotvos Lorand University of Budapest, a member of the Hungarian Academy of Sciences and a leading figure of the Hungarian mathematical community. |
| 588 ## - SOURCE OF DESCRIPTION NOTE | |
| Source of description note | Description based on publisher-supplied MARC data. |
| 650 #0 - SUBJECT ADDED ENTRY--TOPICAL TERM | |
| Topical term or geographic name entry element | Science. |
| 650 14 - SUBJECT ADDED ENTRY--TOPICAL TERM | |
| Topical term or geographic name entry element | Science. |
| 650 24 - SUBJECT ADDED ENTRY--TOPICAL TERM | |
| Topical term or geographic name entry element | Science, general. |
| 700 1# - ADDED ENTRY--PERSONAL NAME | |
| Personal name | Alpár, László, |
| Relator term | editor. |
| 700 1# - ADDED ENTRY--PERSONAL NAME | |
| Personal name | Erdős, Paul, |
| Relator term | editor. |
| 700 1# - ADDED ENTRY--PERSONAL NAME | |
| Personal name | Halász, Gábor, |
| Relator term | editor. |
| 700 1# - ADDED ENTRY--PERSONAL NAME | |
| Personal name | Sárközy, András, |
| Relator term | editor. |
| 776 08 - ADDITIONAL PHYSICAL FORM ENTRY | |
| Relationship information | Printed edition: |
| International Standard Book Number | 9783764312886 |
| 906 ## - LOCAL DATA ELEMENT F, LDF (RLIN) | |
| a | 0 |
| b | ibc |
| c | origres |
| d | u |
| e | ncip |
| f | 20 |
| g | y-gencatlg |
| 925 0# - | |
| -- | acquire |
| -- | pcnspringer |
| -- | policy default |
| 985 ## - | |
| -- | springerpcn |
| -- | batch9 |
| Withdrawn status | Lost status | Damaged status | Not for loan | Home library | Current library | Shelving location | Date acquired | Total checkouts | Full call number | Barcode | Date last seen | Price effective from | Koha item type |
|---|---|---|---|---|---|---|---|---|---|---|---|---|---|
| Franklin | Franklin | General stacks | 22/03/2026 | 500 | LOC-FRL-00005 | 22/03/2026 | 22/03/2026 | Books |